|
|
|
|
| LEADER |
00000nas a22000007a 4500 |
| 005 |
20130325141209.0 |
| 007 |
cr|||| |||| |
| 008 |
130325c19959999xxkdr|p s|||| 0|||a1eng d |
| 035 |
|
|
|a 7302
|
| 040 |
|
|
|a vLex
|
| 090 |
|
|
|c 4005
|d 4005
|
| 245 |
0 |
0 |
|a China Today
|h [Recurso electrn̤ico]
|
| 256 |
|
|
|a Servicio en ln̕ea
|
| 260 |
|
|
|a Perth and Kinross (Scotland-United Kingdom) :
|b Benchmark Information Limited,
|c 1995-
|
| 300 |
|
|
|a 1 Recurso electrn̤ico
|
| 506 |
|
|
|d vLex Global
|d vLex Global (Academic Edition, excluding Law Schools)
|d vLex Global (U.S. Academic Edition, Law Schools)
|d vLex Global (U.S. Academic Edition, excluding Law Schools)
|d vLex Global (Academic Edition, Law Schools)
|
| 650 |
0 |
4 |
|a Informacin̤ general
|v Revistas
|z China
|
| 740 |
|
|
|a vLex Revistas (Servicio en ln̕ea)
|
| 856 |
|
|
|a Acceso restringido
|u http://www.vlex.com/source/7302
|
| 942 |
|
|
|c REV
|
| 999 |
|
0 |
|a News
|